banner koha

Avaliação diagnóstica na síndrome disfunção cognitiva canina (Registro n. 327930)

MARC details
000 -LÍDER
fixed length control field 04118nab a2200349 i 4500
003 - CÓDIGO MARC DA AGÊNCIA CATALOGADORA
Campo de controle BR-BrBNA
005 - DATA E HORA DA ÚLTIMA ATUALIZAÇÃO
Campo de controle 20241004142147.0
008 - CAMPO DE TAMANHO FIXO
fixed length control field 241004b2018 bl.|r|pooa||| 00| 0 por |
040 ## - FONTE DA CATALOGAÇÃO
Agência catalogadora BR-BrBNA
Idioma da catalogação por
072 ## - CATEGORIA AGRIS
Código AGRIS L01
Código do objeto 5400
072 ## - CATEGORIA AGRIS
Código AGRIS L20
100 ## - ENTRADA PRINCIPAL - NOME PESSOAL
Nome pessoal Krug, F.D.M.
100 ## - ENTRADA PRINCIPAL - NOME PESSOAL
Nome pessoal Tillmann, M.T.
100 ## - ENTRADA PRINCIPAL - NOME PESSOAL
Nome pessoal Piñeiro, M.B.C.
100 ## - ENTRADA PRINCIPAL - NOME PESSOAL
Nome pessoal Mendes, C.B.M.
100 ## - ENTRADA PRINCIPAL - NOME PESSOAL
Nome pessoal Capella, S.O.
100 ## - ENTRADA PRINCIPAL - NOME PESSOAL
Nome pessoal Bruhn, F.R.P.
100 ## - ENTRADA PRINCIPAL - NOME PESSOAL
Nome pessoal Nobre, M.O.
245 ## - TÍTULO PRINCIPAL
Título principal Avaliação diagnóstica na síndrome disfunção cognitiva canina
500 ## - NOTA GERAL
Nota geral Publicação online; 27 ref.; 2 illus.; Summaries (En, Pt)
942 ## - ADDED ENTRY ELEMENTS (KOHA)
Koha item type Analítica
520 ## - NOTA DE RESUMO
Nota de conteúdo <br/><br/>RESUMO - O objetivo do presente estudo foi avaliar o questionário observacional e os testes de reatividade como forma de triagem e diagnóstico da disfunção cognitiva em cães idosos. Foram estudados 10 cães acima de sete anos, que apresentavam queixas comportamentais. Foi utilizado questionário que abordava questões comportamentais, como desorientação, atividade, interação socioambiental, alterações no padrão do sono e casa-sujidade. As respostas foram convertidas em pontuações, cujo somatório classificou o cão com disfunção cognitiva canina (DCC), ou borderline (BL), ou sem alterações comportamentais (SAC). Logo depois, foram realizados, em todos os cães, os seguintes testes cognitivos: open field, curiosidade, interação com humano e com espelho. Pela avaliação do questionário, foi determinado que dois cães tinham DCC, três eram BL, cinco eram SAC. Os cães classificados com DCC tinham idade superior aos demais e apresentaram alterações em todos os testes de reatividade, enquanto os cães BL apresentaram alterações em dois testes de reatividade e os SAC não apresentaram alterações. Conclui-se que, com o aumento da expectativa de vida canina, o questionário observacional foi um instrumento de triagem para a identificação dos cães classificados com DCC, BL e SAC, e os testes de reatividade como um método inovador para identificar o verdadeiro estado cognitivo dos pacientes idosos.<br/><br/><br/>Palavras-chave: senilidade, déficit cognitivo, open field, curiosidade, interação com humano
520 ## - NOTA DE RESUMO
Nota de conteúdo <br/><br/>ABSTRACT - The objective was to evaluate the observational questionnaire and the reactivity tests as a way of screening and diagnosis of cognitive dysfunction in elderly dogs. Ten dogs over seven years of age, with behavioral complaints, were studied. A questionnaire was used that addressed behavioral issues such as disorientation, activity, socioenvironmental interaction, changes in sleep pattern, and house-dirtiness. Responses were converted into scores, which summed the dog with canine cognitive dysfunction (DCC), or Borderline (BL) or without behavioral changes (SAC). Soon after, the following cognitive tests were performed on all dogs: open field, curiosity, interaction with human and with mirror. Through questionnaire evaluation, two dogs had CHD, three were BL, and five were SAC. The dogs classified with DCC were older than the others and presented alterations in all reactivity tests, while the BL dogs presented changes in two reactivity tests and CAD showed no alterations. With the increase in canine life expectancy, the observational questionnaire was a screening instrument for the identification of dogs classified with DCC, BL and SAC and the reactivity tests as an innovative method to identify the true cognitive status of the dogs elderly patients.<br/><br/><br/>Keywords: senility, cognitive impairment, open field, curiosity, interaction with human
650 ## - ASSUNTO - THESAGRO
Cabeçalho tópico ou nome geográfico CÃO
650 ## - ASSUNTO - THESAGRO
Cabeçalho tópico ou nome geográfico IDADE
650 ## - ASSUNTO - THESAGRO
Cabeçalho tópico ou nome geográfico COMPORTAMENTO ANIMAL
650 ## - ASSUNTO - THESAGRO
Cabeçalho tópico ou nome geográfico DIAGNÓSTICO
650 ## - ASSUNTO - THESAGRO
Cabeçalho tópico ou nome geográfico VETERINÁRIA PREVENTIVA
773 0# - ENTRADA ANALÍTICA
Host Biblionumber 1643
Registro do item 344976
Imprenta Belo Horizonte-MG Universidade Federal de Minas Gerais - Escola de Veterinaria 1983
Outro identificador 2024-5389
Título Arquivo Brasileiro de Medicina Veterinária e Zootecnia (Brazil)
ISSN 0102-0935
Colação v. 70(6) p. 1723-1730; (2018)
Número de controle de registro BR2024002787
856 ## - ACESSO E ENDEREÇO ELETRÔNICO
Identificador uniforme de recurso - URI https://www.scielo.br/j/abmvz/a/LnggMgLKjNk558hdXLpP7kJ/?format=pdf&lang=pt

Nenhum exemplar disponível.

BINAGRI

Telefone: (61)3218-2567/2388/3357/2097 - binagri@agro.gov.br

Ministério da Agricultura e Pecuária , Esplanada dos Ministérios, Bloco D, Anexo B, Brasília/DF, CEP: 70.043-900